Problem solving in business and managemnet: hard, soft and creative approaches. (Record no. 475)

MARC details
000 -LEADER
fixed length control field 00968nam a22001697a 4500
008 - FIXED-LENGTH DATA ELEMENTS--GENERAL INFORMATION
fixed length control field 120125t xxu||||| |||| 00| 0 eng d
020 ## - INTERNATIONAL STANDARD BOOK NUMBER
International Standard Book Number 1861523874
050 ## - LIBRARY OF CONGRESS CALL NUMBER
Classification number HD30.23.H52
100 ## - MAIN ENTRY--PERSONAL NAME
Personal name Hicks, Michael J.
245 ## - TITLE STATEMENT
Title Problem solving in business and managemnet: hard, soft and creative approaches.
Statement of responsibility, etc. Michael J. Hicks
260 ## - PUBLICATION, DISTRIBUTION, ETC.
Place of publication, distribution, etc. London:
Name of publisher, distributor, etc. Thomson Business Press;
Date of publication, distribution, etc. 1991.
300 ## - PHYSICAL DESCRIPTION
Extent xix, 327 p.:
Other physical details ill,
Dimensions 24cm.
500 ## - GENERAL NOTE
General note Includes index.
505 ## - FORMATTED CONTENTS NOTE
Formatted contents note Contents; Problems, problems, problems! -- Resolving problems -- Decisions, decisions! -- Where has all our creativity gone? -- Working in groups -- Brainstorming -- Synectics -- Introduction to logical thinking -- Structured opportunity searches -- The "Common sense " (rational ) approach -- A System by any other name -- Soft systems thinking -- Really complicated problems! -- Coping with change -- Appendices: Possible solutions to slected exercises.
650 ## - SUBJECT ADDED ENTRY--TOPICAL TERM
Topical term or geographic name entry element Decision making.
942 ## - ADDED ENTRY ELEMENTS (KOHA)
Source of classification or shelving scheme Library of Congress Classification
Koha item type Books
Holdings
Withdrawn status Lost status Source of classification or shelving scheme Damaged status Not for loan Home library Current library Shelving location Date acquired Total Checkouts Full call number Barcode Date last seen Price effective from Koha item type
    Library of Congress Classification     WISCONSIN INTERNATIONAL UNIVERSITY COLLEGE, GHANA - MAIN LIBRARY WISCONSIN INTERNATIONAL UNIVERSITY COLLEGE, GHANA - MAIN LIBRARY General Stacks 25/01/2012   HD30.23 H52 1248/11 25/01/2012 25/01/2012 Books
    Library of Congress Classification     WISCONSIN INTERNATIONAL UNIVERSITY COLLEGE, GHANA - MAIN LIBRARY WISCONSIN INTERNATIONAL UNIVERSITY COLLEGE, GHANA - MAIN LIBRARY General Stacks 25/01/2012   HD30.23 H521 1249/11 25/01/2012 25/01/2012 Books
    Library of Congress Classification     WISCONSIN INTERNATIONAL UNIVERSITY COLLEGE, GHANA - MAIN LIBRARY WISCONSIN INTERNATIONAL UNIVERSITY COLLEGE, GHANA - MAIN LIBRARY General Stacks 25/01/2012   HD30.23 H522 1250/11 25/01/2012 25/01/2012 Books

If you have any concerns or questions; kindly contact the library


© Powered by WIUC ICT DIRECTORATE